1001 inventions that changed the world (Record no. 184912)

000 -LEADER
fixed length control field 00352nam a2200121Ia 4500
008 - FIXED-LENGTH DATA ELEMENTS--GENERAL INFORMATION
fixed length control field 220217s9999||||xx |||||||||||||| ||und||
020 ## - INTERNATIONAL STANDARD BOOK NUMBER
International Standard Book Number 9789350096837
100 ## - MAIN ENTRY--PERSONAL NAME
Personal name Challoner, Jack
9 (RLIN) 9233
245 #0 - TITLE STATEMENT
Title 1001 inventions that changed the world
260 ## - PUBLICATION, DISTRIBUTION, ETC.
Place of publication, distribution, etc. Cassell illustrated
Name of publisher, distributor, etc. Great Britan
Date of publication, distribution, etc. 2009
300 ## - PHYSICAL DESCRIPTION
Extent 960p.
Other physical details 500
650 ## - SUBJECT ADDED ENTRY--TOPICAL TERM
Topical term or geographic name entry element GENERAL BOOKS
Holdings
Withdrawn status Lost status Damaged status Not for loan Collection code Home library Current library Shelving location Date acquired Barcode Date last seen Price effective from Koha item type
        Mechanical Engineering Central Library Central Library Book Cart 02/18/2022 20101 02/18/2022 02/18/2022 Books

Powered by Koha